[Event "70th ch-BUL"]
[Site "Svilengrad BUL"]
[Date "2006.03.06"]
[Round "8"]
[White "Galunov,T"]
[Black "Vasilev,M"]
[Result "1/2-1/2"]
[WhiteElo "2286"]
[BlackElo "2451"]

1.Nf3 d5 2.g3 Nf6 3.c4 dxc4 4.Qa4+ c6 5.Qxc4 b5 6.Qc2 Bb7 7.Bg2 Nbd7 8.O-O e6
9.d4 Be7 10.Ne5 Rc8 11.Rd1 O-O 12.Nc3 Nd5 13.Nxd7 Qxd7 14.Ne4 Rfd8 15.Bd2 Nb4
16.Bxb4 Bxb4 17.Nc5 Qe7 18.a3 Ba5 19.b4 Bb6 20.e3 Ba8 21.Qc3 Bc7 22.Nd3 h6
23.h4 Bb8 24.Rac1 Bd6 25.Ra1 Qc7 26.Rac1 Qe7 27.Ra1 Bb8  1/2-1/2

[Event "ch-EST"]
[Site "Tallinn EST"]
[Date "2006.03.06"]
[Round "3"]
[White "Seeman,T"]
[Black "Liiva,R"]
[Result "1/2-1/2"]
[WhiteElo "2422"]
[BlackElo "2411"]

1.Nf3 d5 2.g3 c6 3.Bg2 Bg4 4.c4 e6 5.O-O Nd7 6.cxd5 cxd5 7.Nc3 Ngf6 8.d4 Bd6
9.Qb3 Qb6 10.Qxb6 Nxb6 11.Ne5 Bf5  1/2-1/2

[Event "ch-LAT"]
[Site "Riga LAT"]
[Date "2006.03.07"]
[Round "10"]
[White "Kengis,E"]
[Black "Starostits,I"]
[Result "1/2-1/2"]
[WhiteElo "2531"]
[BlackElo "2493"]

1.Nf3 d5 2.g3 Nf6 3.Bg2 e6 4.d4 Be7 5.O-O O-O 6.c4 dxc4 7.Qc2 a6 8.Qxc4 b5
9.Qc2 Bb7 10.Bd2 Ra7 11.Rd1 Qc8 12.Nc3 c5 13.dxc5 Bxc5 14.Rac1 Nbd7 15.b4 Be7
16.Qb1 Bxf3 17.Bxf3 Rc7 18.a4 Ne5 19.Bg2 Rd8 20.axb5 axb5 21.Qa1 Rc4 22.Bf4 Rxd1+
23.Rxd1 Rxc3 24.Bxe5 Rc4 25.Bf3 Rxb4 26.Qa7 Qf8 27.Qb7 g6 28.Ra1 Ra4 29.Rb1 Ne8
30.Qxb5 Rb4 31.Rxb4 Bxb4 32.Bc6 Ng7 33.Ba1 Be7 34.e4 Qd8 35.Qb2 f6 36.Kg2 Kf7
37.Qb7 Ne8 38.Bd7 Nd6 39.Qc6 Qa5 40.Bc3 Qa7 41.e5 fxe5 42.Bxe5 Qb7  1/2-1/2

[Event "70th ch-BUL"]
[Site "Svilengrad BUL"]
[Date "2006.03.07"]
[Round "10"]
[White "Galunov,T"]
[Black "Rusev,K"]
[Result "0-1"]
[WhiteElo "2286"]
[BlackElo "2409"]

1.Nf3 d5 2.g3 c6 3.Bg2 Nf6 4.O-O Bg4 5.d3 Nbd7 6.Nbd2 e5 7.e4 dxe4 8.dxe4 Be7
9.h3 Bh5 10.Qe2 O-O 11.a4 a5 12.b3 Qc7 13.Bb2 Rfe8 14.Nc4 Bf8 15.Rfd1 b5
16.axb5 cxb5 17.Ne3 Qb7 18.Nd5 a4 19.g4 Bg6 20.Nxf6+ Nxf6 21.Nxe5 Bxe4 22.Rd7 Nxd7
23.Bxe4 Qc8 24.Bxa8 Qxa8 25.Qxb5 Nxe5 26.Bxe5 a3 27.Bc3 Rc8 28.Qd3 Qc6 29.Bd2 Qxc2
30.Qxc2 Rxc2 31.Be3 Rb2 32.Kg2 Rxb3 33.Bd4 Rd3 34.Be3 Bd6 35.Ra2 f6 36.Rc2 Kf7
37.Kf3 Be5 38.Kg2 Rb3 39.Rc6 a2  0-1

[Event "U20ch-RUS"]
[Site "Cheboksary RUS"]
[Date "2006.03.08"]
[Round "7"]
[White "Lysyj,I"]
[Black "Kharitonov,Alexandr"]
[Result "1/2-1/2"]
[WhiteElo "2523"]
[BlackElo "2535"]

1.Nf3 d5 2.g3 c6 3.Bg2 Nf6 4.O-O Bg4 5.c4 e6 6.Qb3 Qb6 7.Qc2 Nbd7 8.d3 Be7
9.Nc3 O-O 10.b3 e5 11.h3 Bxf3 12.Bxf3 d4 13.Na4 Qc7 14.e4 dxe3 15.Bxe3 Rfd8
16.Rad1 Nf8 17.d4 exd4 18.Bxd4 Ne6 19.Be3 Qa5 20.Bg2 h6  1/2-1/2

[Event "38th 8th March WGM"]
[Site "Belgrade SCG"]
[Date "2006.03.09"]
[Round "4"]
[White "Chelushkina,I"]
[Black "Chasovnikova,E"]
[Result "1/2-1/2"]
[WhiteElo "2312"]
[BlackElo "2304"]

1.g3 d5 2.Nf3 c6 3.Bg2 Bg4 4.h3 Bxf3 5.Bxf3 e5 6.d3 Nd7 7.e4 Ngf6 8.exd5 cxd5
9.Bg2 Bc5 10.O-O O-O 11.Nc3 Nb6 12.Bg5 Be7 13.Qf3 d4 14.Ne2 Nfd5 15.Bd2 Rc8
16.c4 dxc3 17.Nxc3 Nb4 18.Rad1 Nc6 19.Qe3 Nd7 20.Nd5 Bc5 21.Qe1 Nd4 22.Bc3 Re8
23.Kh2 b5 24.Rc1 Nf6 25.Ba5 Qd6 26.Bc7 Qf8 27.Nxf6+ gxf6 28.Ba5 b4 29.Rc4 Rb8
30.Qd1 Re6 31.f4 Rb5 32.Bc7 Qe7 33.Qg4+ Kh8 34.fxe5 f5 35.Qh4 Qxc7 36.Qxd4 Bxd4
37.Rxc7 Bxe5 38.Rxa7 Rg6 39.Rf3 Bxb2 40.Rxf7 Be5 41.Rd7 h5 42.d4 Bb8 43.h4 f4
44.Bf1 Rf5 45.Kg1 Rf8 46.Bd3 Rxg3+ 47.Rxg3 fxg3 48.Rh7+ Kg8 49.Rxh5 Ba7 50.Rg5+ Kh8
51.Rd5 Rf4 52.Rd8+ Kg7 53.Rd7+ Rf7 54.Rd5 Rf4 55.Rd7+ Rf7 56.Rd6 Rf4 57.Rd7+ Rf7
58.Rxf7+  1/2-1/2

[Event "XXII Open"]
[Site "Reykjavik ISL"]
[Date "2006.03.09"]
[Round "4"]
[White "Pavlovic,Milo"]
[Black "Thorfinnsson,Bj"]
[Result "1-0"]
[WhiteElo "2494"]
[BlackElo "2337"]

1.Nf3 d5 2.g3 e6 3.Bg2 Be7 4.c4 c6 5.O-O h5 6.d4 h4 7.Ne5 hxg3 8.fxg3 Nf6
9.e4 dxe4 10.Nc3 Nbd7 11.Bf4 g5 12.Bxg5 Nxe5 13.dxe5 Qxd1 14.Raxd1 Ng4 15.Nxe4 Bxg5
16.Nxg5 Nxe5 17.b3 Ke7 18.Rde1 f6 19.Rxe5 fxe5 20.Rf7+ Ke8 21.Rg7 Bd7 22.Ne4 Rd8
23.Nf6+ Kf8 24.Rxd7 Rxd7 25.Nxd7+ Ke7 26.Nxe5 Rd8 27.h4 Rd2 28.g4 Kf6 29.Nf3 Rxa2
30.h5 e5 31.g5+ Kf5 32.h6 Ra1+ 33.Kh2 Rd1 34.Bh3+  1-0

[Event "70th ch-BUL"]
[Site "Svilengrad BUL"]
[Date "2006.03.09"]
[Round "12"]
[White "Galunov,T"]
[Black "Karakehajov,K"]
[Result "0-1"]
[WhiteElo "2286"]
[BlackElo "2429"]

1.Nf3 d5 2.g3 Nf6 3.Bg2 c6 4.b3 Bg4 5.Bb2 Nbd7 6.O-O Qc7 7.c4 Bxf3 8.exf3 e6
9.f4 Bd6 10.f5 O-O 11.fxe6 fxe6 12.d4 dxc4 13.bxc4 e5 14.c5 Be7 15.Re1 Rad8
16.Nd2 Nd5 17.Nc4 Nxc5 18.Nxe5 Na6 19.Qg4 Qd6 20.Bh3 Nac7 21.Nd7 h5 22.Qxh5 Rxd7
23.Ba3 Qf6 24.Bxd7 Bxa3 25.Re2 Qxd4 26.Rae1 Bb4 27.Rf1 Nf6 28.Qg6 Qxd7 29.Kg2 Ncd5
30.h4 Bc5 31.h5 Qg4  0-1

[Event "FIDE WCh Women KO"]
[Site "Ekaterinburg RUS"]
[Date "2006.03.11"]
[Round "1.1"]
[White "Foisor,C"]
[Black "Danielian,E"]
[Result "1/2-1/2"]
[WhiteElo "2402"]
[BlackElo "2423"]

1.Nf3 d5 2.g3 c6 3.Bg2 Bg4 4.d3 Nd7 5.Nbd2 Ngf6 6.O-O e5 7.e4 dxe4 8.dxe4 Bc5
9.h3 Bh5 10.Qe2 O-O 11.Rd1 Qc7 12.g4 Bg6 13.Nh4 Rfe8 14.Nf1 Nf8 15.Nf5 Ne6
16.N1g3 Nf4 17.Qf3 Rad8 18.Be3 Bf8 19.Bf1 Nd7 20.h4 h6 21.Rd2 Nc5 22.Rad1 Rxd2
23.Rxd2 Nce6 24.Qd1 Rd8 25.Rxd8 Nxd8 26.c3 Nde6 27.b4 a5 28.a3 axb4 29.axb4 f6
30.f3 Bf7 31.Bf2 c5 32.b5 c4 33.Ne3 Bc5 34.Qd2 Nd3 35.Bxd3 cxd3 36.Qxd3 Nf4
37.Qd2 Qb6 38.Kh2 Qxb5 39.Nd1 Bxf2 40.Nxf2 Qc5 41.Nf5 Be6 42.Ne3 Kh7 43.h5 Bc4
44.Nh3 Be2 45.Ng1 Bb5 46.Ng2 Nd3 47.Nh3 Qa3 48.Ne3 Qc5 49.Nd5 Bc4 50.Kg3 b5
51.Nb4 Nf4 52.Nxf4 exf4+ 53.Kg2 Qc7 54.Nc2 g5 55.hxg6+ Kxg6 56.Nd4 h5 57.gxh5+ Kxh5
58.Kh2 Qe5 59.Nf5 Be6 60.Ng7+ Kg5 61.Qd4 Bc8 62.Qxe5+ fxe5 63.Ne8 Bd7 64.Nc7 Kf6
65.Kg2 Ke7 66.Kf2 Kd6 67.Nd5 Kc5 68.Ke2 Be6 69.Ne7 Kd6 70.Ng6 Bc4+ 71.Kf2 Bf7
72.Nh4 Kc5 73.Ke2 Kc4 74.Kd2 Bh5 75.Kc2 b4 76.cxb4 Kxb4 77.Kd3 Kb5 78.Ke2 Kc5  1/2-1/2

[Event "TCh-FIN 2005-6"]
[Site "Espoo FIN"]
[Date "2006.03.11"]
[Round "8"]
[White "Sepp,O"]
[Black "Karttunen,M"]
[Result "1/2-1/2"]
[WhiteElo "2464"]
[BlackElo "2421"]

1.Nf3 d5 2.g3 Nf6 3.Bg2 c6 4.d3 h6 5.O-O Bf5 6.Nbd2 e6 7.b3 Be7 8.Bb2 O-O
9.Ne5 Nbd7 10.e4 Bh7 11.Nxd7 Nxd7 12.Qe2 Qc7 13.Kh1  1/2-1/2

[Event "Bundesliga 2005-6"]
[Site "Eppingen GER"]
[Date "2006.03.12"]
[Round "13"]
[White "Kern,G"]
[Black "Meinhardt,Ma"]
[Result "1-0"]
[WhiteElo "2340"]
[BlackElo "2378"]

1.Nf3 d5 2.g3 Nf6 3.Bg2 e6 4.c4 Be7 5.d4 O-O 6.Qc2 b6 7.Nc3 c5 8.cxd5 exd5
9.O-O Nc6 10.Bg5 Be6 11.Rad1 Rc8 12.Qb1 h6 13.Bxf6 Bxf6 14.dxc5 Bxc3 15.bxc3 bxc5
16.Qb5 Qe7 17.Rd2 Rc7 18.Rfd1 Rb8 19.Qa4 Qf6 20.Qa3 Ne7 21.Ne1 g5 22.Nc2 Rd8
23.e4 Bg4 24.Re1 d4 25.h3 Bf3 26.e5 Qc6 27.Bxf3 Qxf3 28.cxd4 Qxa3 29.Nxa3 cxd4
30.Nb5 Rc4 31.Re4 Rd5 32.Nd6 Rc1+ 33.Kg2 Nc6 34.f4 Rdc5 35.Ree2 Ra1 36.Nf5 Rcc1
37.Nxh6+ Kg7 38.Nf5+ Kg6 39.Nxd4 Ne7 40.Nf3 gxf4 41.Rd6+ Kg7 42.gxf4 Rc4
43.Rd4 Rc6 44.Rd7 Ng6 45.Kg3 Nf8 46.Rxa7 Rc3 47.f5 Nh7 48.h4 Kh6 49.Rxf7 Rg1+
50.Kf2  1-0

[Event "TCh-FIN 2005-6"]
[Site "Espoo FIN"]
[Date "2006.03.12"]
[Round "9"]
[White "Maki,V"]
[Black "Holmsten,A"]
[Result "1-0"]
[WhiteElo "2399"]
[BlackElo "2405"]

1.Nf3 d5 2.g3 Nf6 3.Bg2 c5 4.O-O Nc6 5.d4 e6 6.c4 dxc4 7.Qa4 Bd7 8.dxc5 Bxc5
9.Qxc4 Qe7 10.Nc3 h6 11.e4 Ng4 12.Qe2 Nge5 13.Nxe5 Nxe5 14.Bf4 Ng6 15.Be3 Bc6
16.Nd5 exd5 17.Bxc5 Qxc5 18.exd5+ Qe7 19.Rfe1 Qxe2 20.Rxe2+ Kd7 21.dxc6+ bxc6
22.Rd1+ Kc7 23.Rc1 Rae8 24.Rxc6+ Kb8 25.Re4 Rxe4 26.Bxe4 Ne5 27.Rc5 Re8 28.Rb5+ Kc8
29.f4 Nd7 30.Bf5 g6 31.Bxd7+ Kxd7 32.Rb7+ Ke6 33.Rxa7 Rc8 34.f5+ gxf5 35.b4 Rc2
36.b5 Rb2 37.a4 f6 38.Kf1 f4 39.gxf4 Kf5 40.Ra6 h5 41.b6 Kxf4 42.a5 h4 43.Ra7 h3
44.Rh7 Rxh2 45.b7 Kf3 46.Ke1  1-0

[Event "XXII Open"]
[Site "Reykjavik ISL"]
[Date "2006.03.13"]
[Round "8"]
[White "Pavlovic,Milo"]
[Black "Gaponenko,I"]
[Result "1/2-1/2"]
[WhiteElo "2494"]
[BlackElo "2437"]

1.Nf3 d5 2.g3 Nf6 3.Bg2 e6 4.O-O b5 5.b3 Ba6 6.d3 Nbd7 7.Nbd2 Nb6 8.Bb2 Be7
9.Ne5 Bb7 10.c4 bxc4 11.Ndxc4 Nxc4 12.bxc4 O-O 13.Rb1 c5 14.Qa4 Qc7 15.Rfc1 Rab8
16.cxd5 exd5 17.Ng4 Bc6 18.Nxf6+ Bxf6 19.Qa3 Be7 20.Bc3 c4 21.Qa5 Qxa5 22.Bxa5 Ba3
23.Re1 cxd3 24.exd3 Rfe8 25.Rxe8+ Rxe8 26.Bf3 h6 27.Bd2 Bd6 28.Be3 Re7 29.Kg2 Kh7
30.h4 f5  1/2-1/2

[Event "Victor Ciocaltea Mem"]
[Site "Bucharest ROM"]
[Date "2006.03.14"]
[Round "7"]
[White "Badea,B"]
[Black "Lemmers,O"]
[Result "1-0"]
[WhiteElo "2492"]
[BlackElo "2425"]

1.Nf3 d5 2.g3 c6 3.Bg2 Nf6 4.O-O Bg4 5.d4 Nbd7 6.Nbd2 e6 7.Re1 Be7 8.e4 dxe4
9.Nxe4 O-O 10.c3 Re8 11.Qb3 Qb6 12.Ned2 Qxb3 13.axb3 Bd6 14.Nc4 Bc7 15.b4 Bxf3
16.Bxf3 a6 17.Bg2 e5 18.dxe5 Nxe5 19.Nxe5 Rxe5 20.Rxe5 Bxe5 21.b5 Nd5 22.bxc6 bxc6
23.Ra5 Bf6 24.Bf1 Nc7 25.Rc5 a5 26.Rxc6 Ne6 27.Bc4 a4 28.Kg2 Nd8 29.Rd6 a3
30.bxa3 Bxc3 31.Bd5 Rc8 32.Bg5 Ba5 33.Be7 Rb8 34.Ra6 Bc7 35.a4 Ne6 36.Ra8 Rxa8
37.Bxa8 Nd4 38.Bd5 Ba5 39.Bc5 Ne6 40.Bxe6 fxe6 41.Kf3 Kf7 42.Ke4 Ke8 43.Bd4 g6
44.Ke5 Ke7 45.Bc5+  1-0

[Event "WGM Mediteranian Flower"]
[Site "Rijeka CRO"]
[Date "2006.03.14"]
[Round "5"]
[White "Franciskovic,B"]
[Black "Krivec,J"]
[Result "0-1"]
[WhiteElo "2123"]
[BlackElo "2299"]

1.Nf3 d5 2.g3 g6 3.c4 dxc4 4.Qa4+ Nd7 5.Qxc4 Bg7 6.Bg2 e5 7.O-O Ne7 8.d3 h6
9.Qc2 O-O 10.Nc3 Nc6 11.Rb1 Nb6 12.Be3 Nd4 13.Qc1 Kh7 14.Nd2 c6 15.b3 f5
16.Nc4 Be6 17.Qd2 Nd5 18.Bxd4 exd4 19.Nxd5 Bxd5 20.Qb4 Bxg2 21.Kxg2 Qd5+
22.Kg1 c5 23.Qb5 Rae8 24.b4 Rxe2 25.Qxc5 Qf3 26.Rbe1 Qxd3 27.Ne5 Qe4 28.Rxe2 Qxe2
29.Nd7 Rf7 30.Qd5 Re7 31.Nc5 b6 32.Nb3 Qxa2 33.Rc1 h5 34.Qd6 Re2 35.Rc6 Qb1+
36.Kg2 Qe4+ 37.Kh3 f4 38.Qxf4 Qxc6  0-1

[Event "2nd Bundesliga West 2005-6"]
[Site "Austria AUT"]
[Date "2006.03.17"]
[Round "9"]
[White "Eybl,A"]
[Black "Besner,B"]
[Result "0-1"]
[WhiteElo "2260"]
[BlackElo "2114"]

1.Nf3 d5 2.g3 c5 3.Bg2 Nc6 4.O-O e5 5.c4 d4 6.d3 Nge7 7.e3 Ng6 8.exd4 exd4
9.Ng5 Be7 10.Re1 O-O 11.Qh5 Bxg5 12.Bxg5 Qb6 13.Nd2 Nce5 14.Rxe5 Nxe5 15.Be7 Qxb2
16.Nb3 Nxd3 17.Bxf8 Qxf2+ 18.Kh1 Ne1 19.Qd5 Bg4 20.Bxc5 Bf3 21.Qxf3 Nxf3
22.Rf1 Qxa2 23.Bxf3 Qxb3 24.Bd5 Qd3 25.Rxf7 Kh8 26.Kg2 Re8 27.Bf8 Qe2+ 28.Kg1 Qe3+
29.Kg2 Qd2+ 30.Kf3 Qe2+ 31.Kf4 Qf2+ 32.Kg4 Qxf7  0-1

[Event "Open"]
[Site "Bad Woerishofen GER"]
[Date "2006.03.17"]
[Round "1"]
[White "Mittelbachert,U"]
[Black "Siebrecht,S"]
[Result "0-1"]
[WhiteElo "2052"]
[BlackElo "2429"]

1.Nf3 d5 2.g3 c6 3.Bg2 Nf6 4.d3 Bg4 5.Nbd2 Nbd7 6.O-O e5 7.h3 Bh5 8.e4 dxe4
9.dxe4 Bc5 10.Qe1 O-O 11.Nc4 Re8 12.Nh4 Qc7 13.a4 Bf8 14.Bd2 Nc5 15.Bg5 Nfd7
16.a5 b5 17.Nd2 Ne6 18.Be3 Bb4 19.a6 Nd4 20.Bxd4 exd4 21.f4 f6 22.g4 Bf7
23.Qe2 Nc5 24.Rae1 Rad8 25.Kh1 d3 26.cxd3 Nxd3 27.e5 Nxf4  0-1

[Event "ch-LTU"]
[Site "Vilnius LTU"]
[Date "2006.03.21"]
[Round "5"]
[White "Zagorskis,D"]
[Black "Sakalauskas,V"]
[Result "1/2-1/2"]
[WhiteElo "2489"]
[BlackElo "2464"]

1.Nf3 d5 2.g3 Nf6 3.Bg2 g6 4.O-O Bg7 5.d4 O-O 6.c4 dxc4 7.Na3 Nc6 8.Nxc4 Be6
9.b3 a5 10.Bb2 Bd5 11.Ne3 Be4 12.a3 e6 13.Nc4 Qe7 14.Ncd2 Rfd8 15.Nxe4 Nxe4
16.Qc2 Nf6 17.Rac1 Nd5 18.Rfd1 Rd7 19.e3 Qd8 20.Bf1 Nb8 21.e4 Nf6 22.Ne5 Re7
23.d5 exd5 24.exd5 Ne8 25.Nc4 Bxb2 26.Qxb2 Nd6 27.Qc3 a4 28.Nxd6 cxd6 29.Qc8 Nd7
30.Qxd8+ Rxd8 31.bxa4 Nc5 32.Bb5 Re4 33.Kf1 Ra8  1/2-1/2

[Event "Pius Brinzeu Mem"]
[Site "Timisoara ROM"]
[Date "2006.03.22"]
[Round "5"]
[White "Cabrilo,G"]
[Black "Lupulescu,C"]
[Result "1/2-1/2"]
[WhiteElo "2458"]
[BlackElo "2513"]

1.Nf3 d5 2.g3 Nf6 3.Bg2 g6 4.O-O Bg7 5.d3 O-O 6.Nbd2 c5 7.e4 Nc6 8.c3 e5
9.Qb3 d4 10.cxd4 cxd4 11.Nc4 Nd7 12.Bd2 Nb6 13.Na5  1/2-1/2

[Event "TCh-CZE Extraliga 2005-6"]
[Site "Czech Rep CZE"]
[Date "2006.03.25"]
[Round "10"]
[White "Petran,Pe"]
[Black "Kopal,J"]
[Result "0-1"]
[WhiteElo "2341"]
[BlackElo "2288"]

1.g3 d5 2.Nf3 c6 3.Bg2 Nf6 4.d3 Bg4 5.Nbd2 Nbd7 6.h3 Bh5 7.O-O e6 8.b3 Be7
9.Bb2 O-O 10.e4 a5 11.a3 b5 12.g4 Bg6 13.Nh4 Qb6 14.Kh1 Ne8 15.Nxg6 fxg6
16.Qe2 Bf6 17.c3 Nc7 18.f4 b4 19.e5 bxc3 20.Bxc3 Be7 21.g5 Nb5 22.Bb2 Nd4
23.Bxd4 Qxd4 24.Bf3 Rxf4 25.Bg4 Nf8 26.Nf3 Qb6 27.Qd2 Rf7 28.Qc3 c5 29.Kg2 Rb8
30.Rab1 h5 31.gxh6 gxh6 32.h4 h5 33.Bh3 Qd8 34.Kg3 a4 35.bxa4 Rxb1 36.Rxb1 Bxh4+
37.Kg2 Be7 38.a5 g5 39.Nxg5 Bxg5 40.Qxc5 Bd2 41.a6 Qg5+ 42.Kh1 Be3 43.Qc2 Rf2  0-1

[Event "Torre ENTEL PCS"]
[Site "Santiago CHI"]
[Date "2006.03.25"]
[Round "5"]
[White "Alvarez Nunez,J"]
[Black "Zambrana,O"]
[Result "0-1"]
[WhiteElo "2208"]
[BlackElo "2405"]

1.Nf3 d5 2.g3 Nf6 3.Bg2 g6 4.b3 Bg7 5.Bb2 O-O 6.c4 c6 7.O-O a5 8.d3 Re8 9.Nbd2 Nbd7
10.a3 e5 11.e3 b6 12.Ra2 Bb7 13.Qa1 Qe7 14.Rc1 c5 15.cxd5 Nxd5 16.Ne4 Rad8
17.g4 N5f6 18.Nxf6+ Qxf6 19.Nxe5 Bxg2 20.Nxd7 Qf3 21.Bxg7 Rxd7 22.Qf6 Qxg4
23.f3 Bxf3+ 24.Kf1 Re6 25.Qc3 f6  0-1

[Event "2nd Bundesliga Mitte 2005-6"]
[Site "Austria AUT"]
[Date "2006.03.26"]
[Round "11"]
[White "Mitter,G"]
[Black "Gueting,J"]
[Result "0-1"]
[WhiteElo "2190"]
[BlackElo "2208"]

1.Nf3 d5 2.g3 g6 3.c4 c6 4.Bg2 Bg7 5.O-O e5 6.cxd5 cxd5 7.d4 e4 8.Ne1 Nc6
9.Nc3 Be6 10.Be3 Nge7 11.Nc2 Qd7 12.f3 f5 13.Qd2 h6 14.Rac1 g5 15.b4 b6 16.a4 Ng6
17.fxe4 fxe4 18.Nxe4 Nh4 19.gxh4 dxe4 20.Bxe4 Bh3 21.Bg6+ Kd8 22.Bxg5+ hxg5
23.Qxg5+ Ne7 24.Rf7 Bh6 25.Rxe7 Qxe7 26.Qd5+ Kc7 27.Ne3+ Kb8 28.Be4 Bxe3+
29.Kh1 Bxc1 30.Qxa8+ Kc7 31.Qxa7+ Kd8 32.Qxb6+  0-1

[Event "22nd Spring Festival Open"]
[Site "Budapest HUN"]
[Date "2006.03.28"]
[Round "6"]
[White "Szirmai,Ed"]
[Black "Kaszas,S"]
[Result "0-1"]
[WhiteElo "2139"]
[BlackElo "2066"]

1.Nf3 d5 2.g3 e6 3.Bg2 f5 4.O-O Nf6 5.d3 Bd6 6.c4 c6 7.Nc3 O-O 8.e4 fxe4
9.dxe4 Bb4 10.exd5 exd5 11.Qb3 Bxc3 12.Qxc3 h6 13.Be3 Be6 14.Rad1 Qc8 15.b3 Ne4
16.Qd3 Bf5 17.Qd4 Kh7 18.cxd5 cxd5 19.Qxd5 Nc3 20.Qd6 Nxd1 21.Rxd1 Nc6 22.Rc1 Rd8
23.Qf4 Bh3 24.Nh4 Bxg2 25.Kxg2 Qe6 26.Nf5 Rd5 27.g4 Rf8 28.Rc4 Re5 29.h4 Ne7
30.Rc7 Nxf5 31.gxf5 Rexf5 32.Qg3 Qe4+ 33.Kh2 R8f7 34.Rc4 Qe5 35.Bd4 Rxf2+
36.Bxf2 Rxf2+ 37.Kh3 Qf5+ 38.Rg4 Rf3  0-1

[Event "TCh-FRA Top 16 Gp B"]
[Site "Gonfreville FRA"]
[Date "2006.03.30"]
[Round "4"]
[White "Kosten,A"]
[Black "Kallai,G"]
[Result "1-0"]
[WhiteElo "2501"]
[BlackElo "2504"]

1.Nf3 d5 2.g3 c6 3.Bg2 Nf6 4.O-O Bg4 5.d3 Nbd7 6.c4 e6 7.Be3 dxc4 8.dxc4 Bc5
9.Nd4 e5 10.Nc2 a5 11.Nc3 Qe7 12.Na4 Bxe3 13.Nxe3 Be6 14.Rc1 O-O 15.a3 Nc5
16.Nxc5 Qxc5 17.Nd5 Rfd8 18.b4 axb4 19.axb4 Qf8 20.Nxf6+ gxf6 21.Qb3 b5 22.Qf3 Bxc4
23.Qxf6 Qd6 24.Qg5+ Kh8 25.Be4 f6 26.Qh6 Qe7 27.f4 Ra2 28.Bxh7 Qg7 29.Qh4 Qa7+
30.Kg2 Qe3 31.Rxc4 bxc4 32.Bg6+  1-0

[Event "TCh-FRA Top 16 Gp B"]
[Site "Gonfreville FRA"]
[Date "2006.03.30"]
[Round "4"]
[White "Aguettaz,M"]
[Black "Dorfman,J"]
[Result "0-1"]
[WhiteElo "2338"]
[BlackElo "2595"]

1.Nf3 d5 2.g3 Bg4 3.Bg2 Nd7 4.d4 e6 5.O-O Ngf6 6.c4 c6 7.cxd5 exd5 8.h3 Bxf3
9.exf3 Be7 10.Nc3 O-O 11.f4 Ne8 12.f5 Nd6 13.Qd3 Re8 14.Bf4 Bf8 15.g4 a6
16.g5 Nb6 17.h4 Nb5 18.a4 Bd6 19.axb5 Bxf4 20.bxc6 bxc6 21.Rxa6 Rxa6 22.Qxa6 h6
23.Na4 Nxa4 24.Qxa4 Qd6 25.Qa3 Qxa3 26.bxa3 hxg5 27.hxg5 Bxg5 28.a4 Ra8 29.Ra1 Bf6
30.Rc1 Ra6 31.Bf1 Rxa4 32.Rxc6 Bxd4 33.Rd6 Ra5 34.Bg2 Ra1+ 35.Bf1 Rd1 36.Kg2 Rd2
37.Rxd5 Rxf2+ 38.Kg1 Ba7 39.Rd7 Bb6 40.Rd6 Bc5 41.Rd8+ Kh7 42.Bd3 Kh6 43.Kh1 Kg5
44.Rd7 Kg4  0-1

[Event "TCh-FRA Top 16 Gp B"]
[Site "Gonfreville FRA"]
[Date "2006.04.02"]
[Round "7"]
[White "Roos,D"]
[Black "Payen,A"]
[Result "1-0"]
[WhiteElo "2410"]
[BlackElo "2399"]

1.Nf3 d5 2.g3 Nf6 3.Bg2 Bf5 4.O-O e6 5.d3 Be7 6.Nbd2 h6 7.Qe1 O-O 8.e4 Bh7
9.Qe2 c5 10.Ne5 Nbd7 11.Nxd7 Qxd7 12.Re1 Rac8 13.Nf3 dxe4 14.dxe4 Qa4 15.Ne5 Rfd8
16.c3 Nd7 17.b3 Qa5 18.Nc4 Qa6 19.a4 Nb6 20.Bf1 Nxc4 21.Qxc4 Qxc4 22.Bxc4 a6
23.f3 Rd7 24.Be3 Rcd8 25.Kf2 g5 26.Ke2 h5 27.Rad1 g4 28.Rxd7 Rxd7 29.Rf1 gxf3+
30.Kxf3 Kg7 31.Bf4 Bf6 32.Rc1 Kf8 33.Be3 Be7 34.Be2 Ke8 35.Bf4 Bf6 36.h4 Bg6
37.Be3 Be7 38.Bh6 Bf6 39.Bf4 Kd8 40.Be3 Be7 41.Kf4 e5+ 42.Kf3 Rd6 43.Rd1 Rxd1
44.Bxd1 Kd7 45.Bf2 b5 46.axb5 axb5 47.Ke3 c4 48.bxc4 bxc4 49.Ba4+ Kd6 50.Bb5 Kc5
51.Bd7 Kd6 52.Bc8 Bd8 53.Kf3 Ba5 54.Be1 f6 55.g4 Ke7 56.gxh5 Bxh5+ 57.Bg4 Bf7
58.h5 Kf8 59.h6 Kg8 60.Bf5 Bd8 61.Kg4 Be7 62.Bf2 Bf8 63.Be3 Kh8 64.h7 Bg7
65.Kf3 Bf8 66.Ke2 Bg7 67.Kd2 Bf8 68.Kc2 Be8 69.Bb6 Be7 70.Ba5 Bc5 71.Bd8  1-0

[Event "V Open"]
[Site "Dos Hermanas ESP"]
[Date "2006.04.03"]
[Round "5"]
[White "Dizdar,G"]
[Black "Colovic,A"]
[Result "1/2-1/2"]
[WhiteElo "2531"]
[BlackElo "2459"]

1.Nf3 d5 2.g3 c6 3.Bg2 Nf6 4.O-O g6 5.b3 Bg7 6.Bb2 O-O 7.c4 Bg4 8.d3 Bxf3
9.Bxf3 Nbd7 10.Nd2 e6 11.Rc1 a5 12.Qc2 Qe7 13.d4 a4 14.e3 Ra7 15.bxa4 Qb4
16.Bd1 Nb6 17.cxd5 Nfxd5 18.Ne4 Nxa4 19.Ba1 Rfa8 20.Qe2 f5 21.Ng5 Nac3 22.Bxc3 Nxc3
23.Qd2 Nxa2 24.Qxb4 Nxb4 25.Bb3 Bf6 26.Nxe6 Kh8 27.Rb1 Be7 28.h4 h5 29.Rfc1 Bd6
30.Kg2 Ra3 31.Bc4 R8a7 32.Rb2 b5 33.Be2 Ra2 34.Rcb1 Rxb2 35.Rxb2 Ra2 36.Rxa2 Nxa2
37.Nd8 Kg7 38.Nxc6 b4 39.Bc4 Nc1 40.Na5 Bc7 41.Nb3 Nxb3 42.Bxb3 Kf6 43.Bd1 Bb8
44.Kf1 Bc7 45.Ke1 Ba5 46.Ke2 Bc7 47.Kd3 Bb8 48.Kc4 Bd6 49.Kd5 Ke7 50.Ba4 Bb8
51.Bc2 Bc7 52.Kc6 Bb8 53.Ba4 Bd6 54.Bb3 Bb8 55.Kb7 Bd6 56.Kc8 Ke8 57.Bc2 Ke7
58.Ba4 Ke6 59.Bb3+ Ke7 60.Ba4 Ke6 61.Kd8 Be7+ 62.Ke8 g5 63.Bb3+ Kd6 64.hxg5 Bxg5
65.f4 h4 66.gxh4 Bxh4 67.Kf7  1/2-1/2

[Event "7th ch-Euro w"]
[Site "Kusadasi TUR"]
[Date "2006.04.04"]
[Round "1"]
[White "Umudova,N"]
[Black "Houska,Jo"]
[Result "0-1"]
[WhiteElo "2145"]
[BlackElo "2355"]

1.Nf3 d5 2.g3 c6 3.Bg2 Nf6 4.O-O Bf5 5.d3 h6 6.Nbd2 e6 7.c4 Nbd7 8.a3 Be7
9.b4 a5 10.Rb1 axb4 11.axb4 O-O 12.Bb2 Bh7 13.Qb3 dxc4 14.Nxc4 Nd5 15.Ba3 N7b6
16.Ra1 Qc7 17.Rfc1 Rfd8 18.b5 Nxc4 19.Rxc4 Bf6 20.d4 Qb6 21.e3 Qxb5 22.Qxb5 cxb5
23.Rcc1 b4 24.Bb2 g5 25.Nd2 Rdc8 26.Bf1 h5 27.Rc4 Rab8 28.Ra7 b5 29.Rxc8+ Rxc8
30.Nb3 Rc2 31.Ba1 Nc3 32.Rb7 Be4 33.Rb8+ Kg7 34.Nc5 Bf3 35.Nd3 Ne2+ 36.Bxe2 Bxe2
37.Ne1 Rc1  0-1

[Event "43rd ch-IND"]
[Site "Visakhapatnam IND"]
[Date "2006.04.04"]
[Round "3"]
[White "Arun Prasad,S"]
[Black "Sundararajan,K"]
[Result "1/2-1/2"]
[WhiteElo "2384"]
[BlackElo "2495"]

1.Nf3 d5 2.g3 c6 3.Bg2 Bg4 4.d4 Nd7 5.Nbd2 Ngf6 6.O-O e6 7.Re1 Be7 8.c3 O-O
9.e4 Rc8 10.Qb3 Qb6 11.Qxb6 axb6 12.exd5 Nxd5 13.Nc4 b5 14.Nce5 Nxe5 15.Nxe5 Bf5
16.g4 Bg6 17.f4 Rfe8 18.Bd2 Bd6 19.Nxg6  1/2-1/2

[Event "7th ch-Euro"]
[Site "Kusadasi TUR"]
[Date "2006.04.07"]
[Round "4"]
[White "Nikolic,Pr"]
[Black "Haznedaroglu,K"]
[Result "1-0"]
[WhiteElo "2596"]
[BlackElo "2438"]

1.Nf3 d5 2.g3 c6 3.Bg2 Nf6 4.O-O Bg4 5.d3 Nbd7 6.c4 e6 7.cxd5 cxd5 8.Nc3 Be7
9.h3 Bh5 10.e4 d4 11.Ne2 e5 12.Nh4 O-O 13.Nf5 Ne8 14.g4 Bg6 15.f4 Bc5 16.fxe5 Nxe5
17.Bf4 f6 18.Rc1 Bb6 19.Bg3 Nc7 20.g5 Nf7 21.gxf6 gxf6 22.Nf4 Qd7 23.Nxg6 hxg6
24.Qg4 Kh7 25.Qh4+ Kg8 26.Qxf6 gxf5 27.Qg6+  1-0

[Event "7th ch-Euro"]
[Site "Kusadasi TUR"]
[Date "2006.04.07"]
[Round "4"]
[White "Gasthofer,A"]
[Black "Perez Candelario,Man"]
[Result "1/2-1/2"]
[WhiteElo "2418"]
[BlackElo "2511"]

1.Nf3 d5 2.g3 Bg4 3.Bg2 Nd7 4.O-O e6 5.d4 Bd6 6.Re1 c6 7.e4 dxe4 8.Rxe4 Ngf6
9.Re1 O-O 10.c3 e5 11.Qb3 exd4 12.Nxd4 Nc5 13.Qc2 Re8 14.Rxe8+ Qxe8 15.Bd2 Bh5
16.Na3 Bg6 17.Qd1 Nd3 18.Qb3 Qd7 19.Nc4 Bc5 20.Na5 Re8 21.Rf1 Re7 22.Bg5 Bxd4
23.cxd4 Qxd4 24.Bxf6 gxf6 25.Qc3 Qxc3 26.bxc3 Nc5 27.Bf3 Rd7 28.Rd1 Rxd1+
29.Bxd1 Kf8 30.Bg4 Bb1 31.a3 Bd3 32.Bc8 Ba6 33.f3 Ke7 34.Bf5 h6 35.Bc2 Kd6
36.Kf2 Kd5 37.Ke3 b6 38.Nb3 Nxb3 39.Bxb3+ Bc4 40.Bc2 Ke5 41.h4 a5 42.f4+ Kd6
43.g4 Be6 44.g5 fxg5 45.fxg5 hxg5 46.hxg5 Kc5 47.Bd3 Bd7 48.Bb1 Kd6 49.g6 fxg6
50.Bxg6 Kc5 51.Kd2 Be6 52.Kc2 Kd5 53.Bd3 Bg4 54.Bg6 Bf3 55.Bf7+ Kc5 56.Bg6 Bg2
57.Bh7 Kd5 58.Kd3 Bf1+ 59.Kc2 Bb5 60.Bg8+ Ke4 61.Kd2 Ba4 62.Bh7+ Kd5 63.Bg8+ Kc5
64.Bf7 Bb5 65.Kc2 Bc4 66.Bg6 Be6 67.Bd3 Kd5 68.Bg6 Ke5 69.Kd2 Kf4 70.Be8 Bd5
71.Bg6 Be4 72.Be8 Ke5 73.Bf7 Bf5 74.Be8 Kd5 75.Bf7+ Kc5 76.Bg8 Be4 77.Kc1 Bd3
78.Bf7 b5 79.Bg8 Bc4 80.Bh7 Kd5  1/2-1/2

[Event "Mephisto Schloss Open A"]
[Site "Werther GER"]
[Date "2006.04.07"]
[Round "3"]
[White "Schebler,G"]
[Black "Buhmann,R"]
[Result "1/2-1/2"]
[WhiteElo "2465"]
[BlackElo "2546"]

1.Nf3 d5 2.g3 Nf6 3.Bg2 c6 4.c4 dxc4 5.O-O Nbd7 6.Qc2 Nb6 7.a4 a5 8.Na3 g6
9.Nxc4 Nxc4 10.Qxc4 Bg7 11.e4 O-O 12.Re1 Be6 13.Qc2 Bg4 14.d3 Nd7 15.Be3 c5
16.Ng5 h6 17.h3 hxg5 18.hxg4 e5 19.Bf3 Rc8 20.Qd2 Bf6 21.Rac1 b6 22.Bd1 Kg7
23.Bb3 Qe7 24.Kg2 Rh8 25.Rh1 Rcd8 26.Qc2 Nb8 27.Rxh8 Rxh8 28.Bd5 Na6 29.Bd2 Nc7
30.Bc4 Qd7 31.Qb3 Qxg4 32.Rh1 Rxh1 33.Kxh1 Ne6 34.Bxe6 Qxe6 35.Qxe6 fxe6
36.f3 Kf7 37.Kg2 g4 38.fxg4 Ke7  1/2-1/2

[Event "7th ch-Euro"]
[Site "Kusadasi TUR"]
[Date "2006.04.08"]
[Round "5"]
[White "Seeman,T"]
[Black "Mastrovasilis,A"]
[Result "1/2-1/2"]
[WhiteElo "2422"]
[BlackElo "2508"]

1.g3 d5 2.Nf3 c6 3.Bg2 Bg4 4.b3 Nd7 5.Bb2 Bxf3 6.Bxf3 e5 7.d3 Qa5+ 8.c3 Ngf6
9.Qc2 Bd6 10.Nd2 O-O 11.O-O Ba3 12.b4 Qa6 13.Rfb1 Rfe8 14.e3 Bxb2 15.Rxb2 c5  1/2-1/2